[Event "Tunja Boyaca op-B"]
[Site "Tunja"]
[Date "2019.08.03"]
[Round "6"]
[White "Gonzalez Mojica, Renan Arturo"]
[Black "Jimenez Torres, Jose Mauricio"]
[Result "1-0"]
[WhiteElo "1298"]
[BlackElo "1601"]
[PlyCount "71"]
[EventDate "2019.07.31"]
[EventType "swiss"]
[EventRounds "9"]
[EventCountry "COL"]
[SourceTitle "EXT 2020"]
[Source "ChessBase"]
[SourceDate "2019.10.17"]
[SourceVersion "1"]
[SourceVersionDate "2019.10.17"]
[SourceQuality "1"]

1. c4 c5 2. g3 g6 3. Bg2 Nf6 4. e4 Bg7 5. Ne2 0-0 6. 0-0 Nc6 7. Nbc3 a6 8. d3 Ng4 9. h3 Nf6 10. f4 d6 11. f5 Rb8 12. Bg5 Bd7 13. Qd2 b5 14. b3 b4 15. Nd5 Nxd5 16. cxd5 Nd4 17. fxg6 Nxe2+ 18. Qxe2 fxg6 19. Rxf8+ Bxf8 20. Qd2 Bg7 21. Rf1 Bb5 22. Bf3 Qc7 23. Bg4 Rf8 24. Rxf8+ Bxf8 25. Be6+ Kh8 26. Qf4 Bg7 27. Qf7 Qb8 28. Bxe7 Qe8 29. Qxe8+ Bxe8 30. Bxd6 Bd4+ 31. Kf1 Kg7 32. Bf4 Kf6 33. h4 h5 34. Bc8 a5 35. d6 Bc6 36. d7 1-0